000 00500nmm a2200169Ia 4500
008 251105s9999||||xx |||||||||||||||||und||
020 _a9789681641955
041 _aspa
100 _aSalazar, Adolfo
245 0 _aLa música :
_b Como proceso histórico de su invención
264 _a[México D.C., Mexico] :
_bFondo de Cultura Económica,
_c2015
300 _a174 páginas
490 _aBreviarios
650 _aMusic
856 _uhttps://public.digitaliapublishing.com/a/43753
942 _cCF
999 _c96805
_d96805